000 00594cam a2200145 4500500
005 20251228052420.0
041 _afre
042 _adc
100 1 0 _aMorice, Alain
_eauthor
245 0 0 _aBALES, Kevin. — Disposable People. New Slavery in the Global Economy. Berkeley, University Press of California, 2004 [1999], xiv + 298 p.
260 _c2005.
500 _a57
786 0 _nCahiers d'études africaines | 179-180 | 3 | 2005-10-01 | p. 1179a-1208a | 0008-0055
856 4 1 _uhttps://shs.cairn.info/revue-cahiers-d-etudes-africaines-2005-3-page-1179a?lang=fr&redirect-ssocas=7080
999 _c1583508
_d1583507